New York or New Jersey - Statistics

General Stats
  • This quiz has been taken 53 times
  • The average score is 7 of 8
Answer Stats
Question Answer % Correct
Home To Newark New Jersey
98%
Nick-named "The Garden State" New Jersey
98%
Home To NYC New York
96%
Borders Vermont New York
94%
Governor is Phil Murphy New Jersey
83%
Home To Mount Marcy New York
79%
More Densely Populated New Jersey
70%
More Populous Capital New Jersey
43%
No matching quizzes found
Score Distribution
Percent of People with Each Score
Percentile by Number Answered
Your Score History
You have not taken this quiz